| 000 | 00667nam a2200205 a 4500 | ||
|---|---|---|---|
| 001 | 000028676 | ||
| 005 | 20200930055054.0 | ||
| 008 | 110411s1991 dr a 000 p spa d | ||
| 040 |
_aDO-SdBNP _bspa _cBNPHU |
||
| 082 |
_axxx _bW373b, 1991 |
||
| 100 | 1 |
_aWeber, Delia _d1900-1982 _924257 |
|
| 245 | 1 | 0 |
_aLos bellos designios : _bpoema lírico / _cDelia Weber ; editor Rodolfo Coiscou Weber. |
| 250 | _a2a ed. | ||
| 260 |
_aSanto Domingo : _b[s.n.], _c1991. _fISLAS |
||
| 300 |
_a21 p. : _bil. ; _c20 cm. |
||
| 490 | 1 |
_aAntología de nuestra voz _v41 |
|
| 700 | 1 |
_aCoiscou Weber, Rodolfo _eed. _919739 |
|
| 830 | 0 |
_aAntología de nuestra voz ; _v41 _923130 |
|
| 049 | _aBNPD | ||
| 999 |
_c28168 _d28168 |
||